00729nam a22002057a 450000500170000001000150001702000260003203500140005803700140007208200100008624501900009626000490028627000480033530000330038350000280041670000180044470000220046270000200048470000190050420180504172309.0 aENG-122890 a9789385926792c500.00 aEN-106422 bDBAD/PUB. a930.1 aProceedings of the national seminar on Salvage archaeology and heritage management in india :ced. by K.S. Lakshmi; Rukmani Vathanam; P.V. Radhamani [and] V. Rajeswarib(NSSAHMI-2016) / aNew Delhi bAllied Publishers Private c2017 a1/13-14 Asaf Ali Road ,bNew Delhi e110002 axvi, 99p. c24cm (pbk)bill. aIt include author index aLakshmi, K.S. aVathanam, Rukmani aRadhamani, P.V. aRajeswari, V.